¿Lectura en educación infantil? ¡Sí gracias! / Isabel Sole Gallart (Record no. 79565)
[ view plain ]
| 000 -CABECERA | |
|---|---|
| campo de control de longitud fija | 00594nam a2200205 a 4500 |
| 005 - FECHA Y HORA DE LA ÚLTIMA TRANSACCIÓN | |
| campo de control | 20210223124048.0 |
| 008 - ELEMENTOS DE LONGITUD FIJA--INFORMACIÓN GENERAL | |
| campo de control de longitud fija | 991125n 000 0 spa u |
| 035 ## - NÚMERO DE CONTROL DEL SISTEMA | |
| Número de control de sistema | UPN01000105622 |
| 100 1# - ASIENTO PRINCIPAL--NOMBRE PERSONAL | |
| Nombre de persona | Solé Gallart, Isabel |
| 9 (RLIN) | 30029 |
| 222 #0 - TÍTULO CLAVE | |
| Título clave | AULA DE INNOVACION EDUCATIVA |
| 245 00 - MENCIÓN DE TÍTULO | |
| Título | ¿Lectura en educación infantil? ¡Sí gracias! / Isabel Sole Gallart |
| 260 ## - PUBLICACIÓN, DISTRIBUCIÓN, ETC. | |
| Lugar de publicación, distribución, etc. | Barcelona, España |
| 300 ## - DESCRIPCIÓN FÍSICA | |
| Extensión | 15-18 |
| 362 0# - FECHAS DE PUBLICACIÓN Y/O DESIGNACIÓN SECUENCIAL | |
| Fecha de publicación y/o designación secuencial | 1996 No. 46, ene. |
| 653 0# - TERMINO DE INDIZACION - NO CONTROLADO | |
| Término no controlado | EDUCACION INFANTIL |
| 653 0# - TERMINO DE INDIZACION - NO CONTROLADO | |
| Término no controlado | LECTURA |
| 653 0# - TERMINO DE INDIZACION - NO CONTROLADO | |
| Término no controlado | PROCESO ENSEÑANZA-APRENDIZAJE |
| 904 ## - ELEMENTOS DE DATOS D LOCAL, LDD (RLIN) | |
| a | AC |
| b | 043433 |
| 905 ## - TIPO DE MATERIAL | |
| Tipo de material | Articulo |
No items available.
